Liverpool scorers in Premier League 2015-2016 - Statistics

General Stats
  • This quiz has been taken 855 times
    730 since last reset
  • The average score is 11 of 17
Answer Stats
Player Goals % Correct
Philippe Coutinho 8
89%
Roberto Firmino 10
89%
Daniel Sturridge 8
86%
Jordan Henderson 2
86%
Adam Lallana 4
75%
James Milner 5
73%
Alberto Moreno 1
71%
Nathan Clyne 1
71%
Divock Origi 5
64%
Martin Skrtel 1
64%
Christian Benteke 9
63%
Emre Can 1
59%
Mamadou Sakho 1
50%
Joe Allen 2
43%
Danny Ings 2
42%
Jordon Ibe 1
42%
Kolo Touré 1
32%
No matching quizzes found
Score Distribution
Percent of People with Each Score
Percentile by Number Answered
Your Score History
You have not taken this quiz since the last reset